<?xml version="1.0" encoding="UTF-8"?>
<collection xmlns="http://www.loc.gov/MARC21/slim">
  <record>
    <leader>00000nam  2200000   4500</leader>
    <controlfield tag="001">INLIS000000000056628</controlfield>
    <controlfield tag="005">20200929083612</controlfield>
    <datafield tag="035" ind1="#" ind2="#">
      <subfield code="a">0010-0920000259</subfield>
    </datafield>
    <controlfield tag="008">200929################g##########0#ind##</controlfield>
    <datafield tag="041" ind1="#" ind2="#">
      <subfield code="a">Ind</subfield>
    </datafield>
    <datafield tag="082" ind1="#" ind2="#">
      <subfield code="a">304.209 598 7</subfield>
    </datafield>
    <datafield tag="090" ind1="#" ind2="#">
      <subfield code="a">550.095 988, Per p</subfield>
    </datafield>
    <datafield tag="245" ind1="#" ind2="#">
      <subfield code="a">Perkampungan diperkotaan sebagai wujud proses adaptasi sosial ( Kehidupan diperkampunagan miskin di Kota Ambon ) /</subfield>
      <subfield code="c">Drs. Boetje TH. Malessye dkk.; editor, Djenen Bale</subfield>
    </datafield>
    <datafield tag="260" ind1="#" ind2="#">
      <subfield code="a">Ambon :</subfield>
      <subfield code="b">Depdikbud Direktorat sejarah dan Nilai Sejarah,</subfield>
      <subfield code="c">1986</subfield>
    </datafield>
    <datafield tag="650" ind1="#" ind2="4">
      <subfield code="a">Ekologi Manusia - Maluku</subfield>
    </datafield>
    <datafield tag="850" ind1="#" ind2="#">
      <subfield code="a">NBPNMAT</subfield>
    </datafield>
    <datafield tag="084" ind1="#" ind2="#">
      <subfield code="a">304.209 598 7 PER p</subfield>
    </datafield>
    <datafield tag="300" ind1="#" ind2="#">
      <subfield code="a">vi, 62 hlm. ;</subfield>
      <subfield code="c">23 x 15 cm.</subfield>
    </datafield>
    <datafield tag="990" ind1="#" ind2="#">
      <subfield code="a">3199200146</subfield>
    </datafield>
  </record>
</collection>
